00534nam a2200157 i 450000100060000000300090000600500170001500700030003200800410003510000390007624501020011526000780021730000180029550000320031385200310034577161ES-MaACL20230906173113.0t|041007s1971 sp ||||1| spa d1 aGutiérrez García, José Luis.10aConceptos fundamentales en la Doctrina social de la Iglesia / cJosé Luis Gutiérrez García. aMadrid : bCentro de Estudios Sociales del Valle de los Caídos,c[1971] av. ; c25 cm. aSon los v. 1º, 2º, y 4º. aES-MaACLjP-1554 bR.77096